000 00465nam a22001817a 4500
008 151016b xxu||||| |||| 00| 0 eng d
020 _a9780324569551
020 _a0324569556
041 0 _aeng
080 _a311.42
245 1 _aManagerial statistics /
_cGerald Keller.
250 _a8th ed.
260 _aUSA:
_bSouth-Westearn Cengage Learning;
_c2008.
300 _a899 f.:
_bme il.;
_c23 cm.
650 0 _aStatistika
650 0 _aMenaxhim
942 _2udc
_cBK
999 _c1310
_d1310